[Event "MVP-ch Seniors op 14th"]
[Site "Binz"]
[Date "2014.12.01"]
[Round "7"]
[White "Krawelitzki, Gerhard"]
[Black "Klingenberg, Dietrich"]
[Result "1/2-1/2"]
[WhiteElo "1412"]
[BlackElo "1629"]
[PlyCount "34"]
[EventDate "2014.11.25"]
[EventType "swiss"]
[EventRounds "9"]
[EventCountry "GER"]
[SourceTitle "EXT 2016"]
[Source "ChessBase"]
[SourceDate "2015.10.08"]
[SourceVersion "1"]
[SourceVersionDate "2015.10.08"]
[SourceQuality "1"]

1. e4 e6 2. f4 d5 3. e5 c5 4. Nf3 Nc6 5. Be2 Nge7 6. 0-0 Nf5 7. d3 Qb6 8. c3 Be7 9. Qe1 Qd8 10. a3 d4 11. c4 0-0 12. Bd2 b6 13. b4 Bb7 14. b5 Nb8 15. a4 Nd7 16. Na3 f6 17. exf6 Bxf6 1/2-1/2

[Event "MVP-ch Seniors op 14th"]
[Site "Binz"]
[Date "2014.11.28"]
[Round "4"]
[White "Mundt, Friedhelm"]
[Black "Krawelitzki, Gerhard"]
[Result "0-1"]
[WhiteElo "1188"]
[BlackElo "1412"]
[PlyCount "78"]
[EventDate "2014.11.25"]
[EventType "swiss"]
[EventRounds "9"]
[EventCountry "GER"]
[SourceTitle "EXT 2016"]
[Source "ChessBase"]
[SourceDate "2015.10.08"]
[SourceVersion "1"]
[SourceVersionDate "2015.10.08"]
[SourceQuality "1"]

1. e4 c5 2. Nf3 Nc6 3. Bb5 a6 4. Bxc6 bxc6 5. 0-0 d6 6. Re1 e5 7. h3 Nf6 8. d3 Be7 9. c3 0-0 10. Be3 Rb8 11. b3 Be6 12. Nbd2 Qc8 13. c4 h6 14. Qe2 Nd7 15. Nf1 f5 16. exf5 Bxf5 17. Ng3 Bg6 18. Bd2 Bf6 19. Bc3 Re8 20. Qd2 d5 21. Rad1 d4 22. Bb2 Re7 23. Ne4 Bxe4 24. Rxe4 Kh7 25. Rde1 Qf8 26. R1e2 Rbe8 27. Bc1 g6 28. Nh4 Bg5 29. Qe1 Bxc1 30. Qxc1 Nf6 31. Nxg6 Kxg6 32. Rh4 e4 33. Qe1 exd3 34. Rxe7 Rxe7 35. Qd2 Ne4 36. Qxd3 Qxf2+ 37. Kh2 Qxh4 38. g4 Qf2+ 39. Kh1 Kg7 0-1

[Event "Mecklenburg VP-ch Seniors op 09th"]
[Site "Binz"]
[Date "2009.12.08"]
[Round "8.55"]
[White "Grueneschild, Hildegard"]
[Black "Krawelitzki, Gerhard"]
[Result "0-1"]
[WhiteElo "1305"]
[BlackElo "1499"]
[PlyCount "111"]
[EventDate "2009.12.01"]
[EventType "swiss"]
[EventRounds "9"]
[EventCountry "GER"]
[SourceTitle "EXT 2022"]
[Source "ChessBase"]
[SourceDate "2021.10.06"]
[SourceVersion "1"]
[SourceVersionDate "2021.10.06"]
[SourceQuality "1"]

1. c4 c5 2. Nc3 Nc6 3. d3 Nf6 4. Nf3 e6 5. g3 Be7 6. Bg2 0-0 7. 0-0 d5 8. cxd5 exd5 9. Bd2 Be6 10. a3 a6 11. Rb1 d4 12. Ne4 Nxe4 13. dxe4 h6 14. b4 b6 15. Bf4 g5 16. Bc1 c4 17. e3 d3 18. Bb2 Rc8 19. Bc3 Na7 20. a4 b5 21. Nd4 Bd7 22. a5 Nc6 23. Qh5 Kh7 24. Nf3 f6 25. Nd4 Ne5 26. Qd1 Bd6 27. f3 Qe7 28. Kh1 Rc7 29. Qd2 Ng6 30. Rbe1 Be5 31. f4 gxf4 32. exf4 Bxd4 33. Bxd4 Qd6 34. Bc3 Bc6 35. Kg1 Re8 36. Bf3 Rg7 37. e5 fxe5 38. fxe5 Qe6 39. Bxc6 Qxc6 40. Rf6 Qc8 41. Qf2 Ree7 42. e6 Qc6 43. Qf5 Qe8 44. h4 Kg8 45. h5 Nh4 46. Qf2 Qxh5 47. Rf8+ Kh7 48. Rf7 Qg6 49. Rxg7+ Rxg7 50. Bxg7 d2 51. Rd1 Qxg7 52. Qf7 c3 53. Kf2 c2 54. Rxd2 c1Q 55. Qxg7+ Kxg7 56. Rd7+ 0-1

[Event "Mecklenburg VP Seniors op 10th"]
[Site "Plau am See"]
[Date "2006.04.03"]
[Round "1"]
[White "Krawelitzki, Gerhard"]
[Black "Kirstein, Hans Ernst"]
[Result "1/2-1/2"]
[WhiteElo "1551"]
[BlackElo "1750"]
[PlyCount "44"]
[EventDate "2006.04.03"]
[EventType "swiss"]
[EventRounds "7"]
[EventCountry "GER"]
[SourceTitle "EXT 2007"]
[Source "ChessBase"]
[SourceDate "2006.11.23"]
[SourceVersion "1"]
[SourceVersionDate "2006.11.23"]
[SourceQuality "1"]

1. d4 d6 2. Nf3 Nd7 3. c4 e5 4. Nc3 c6 5. dxe5 Nxe5 6. Nxe5 dxe5 7. Qxd8+ Kxd8 8. Bd2 Be6 9. e3 Nf6 10. Be2 a5 11. 0-0 Bb4 12. Rad1 Ke7 13. a3 Bxc3 14. Bxc3 Nd7 15. f4 f6 16. fxe5 Nxe5 17. Bxe5 fxe5 18. b3 Rad8 19. h3 Rxd1 20. Rxd1 Rd8 21. Rxd8 Kxd8 22. Bd3 h6 1/2-1/2

[Event "Greifswald op"]
[Site "Greifswald"]
[Date "2003.08.31"]
[Round "7"]
[White "Krawelitzki, Gerhard"]
[Black "Wolf, Carolin"]
[Result "1-0"]
[WhiteElo "1551"]
[BlackElo "1170"]
[PlyCount "93"]
[EventDate "2003.08.??"]
[EventType "swiss"]
[EventRounds "7"]
[EventCountry "GER"]
[SourceTitle "EXT 2005"]
[Source "ChessBase"]
[SourceDate "2004.11.15"]
[SourceVersion "1"]
[SourceVersionDate "2004.11.15"]
[SourceQuality "1"]

1. d4 d5 2. c4 e6 3. Nc3 Nf6 4. Nf3 Nbd7 5. Bf4 c6 6. cxd5 cxd5 7. e3 Bb4 8. Bd3 0-0 9. 0-0 b6 10. Rc1 Bb7 11. a3 Be7 12. Nb5 Ne8 13. Qc2 Ndf6 14. Qb1 Bd6 15. Nxd6 Nxd6 16. Be5 h6 17. h3 Qe7 18. Nd2 Rac8 19. f3 Nd7 20. Bh2 e5 21. Be2 Rfe8 22. Rxc8 Nxc8 23. Bb5 exd4 24. e4 a6 25. Bxd7 Qxd7 26. e5 Qb5 27. Re1 Bc6 28. f4 Bd7 29. f5 Qc6 30. Rc1 Qb7 31. g4 b5 32. Qc2 Nb6 33. b3 Rc8 34. Qb2 Rxc1+ 35. Qxc1 d3 36. Qc5 Nc8 37. Bg3 Qa7 38. Bf2 Qxc5 39. Bxc5 Kh7 40. Kf2 h5 41. Kg3 Kh6 42. Be3+ Kh7 43. Kf4 Ne7 44. Nf3 hxg4 45. hxg4 a5 46. Nd4 g5+ 47. Kxg5 1-0

[Event "Greifswald op"]
[Site "Greifswald"]
[Date "2003.08.30"]
[Round "5"]
[White "Krawelitzki, Gerhard"]
[Black "Ploeger, Elke"]
[Result "1-0"]
[WhiteElo "1551"]
[BlackElo "1216"]
[PlyCount "102"]
[EventDate "2003.08.??"]
[EventType "swiss"]
[EventRounds "7"]
[EventCountry "GER"]
[SourceTitle "EXT 2005"]
[Source "ChessBase"]
[SourceDate "2004.11.15"]
[SourceVersion "1"]
[SourceVersionDate "2004.11.15"]
[SourceQuality "1"]

1. d4 d5 2. c4 c6 3. a4 b6 4. Nc3 Nf6 5. Nf3 Nbd7 6. Qc2 Qc7 7. e3 e5 8. Be2 e4 9. Nd2 Bd6 10. h3 0-0 11. b3 Nb8 12. 0-0 Na6 13. cxd5 cxd5 14. Qb2 Bb4 15. Nb5 Qe7 16. f3 Nc7 17. fxe4 Bxd2 18. Qxd2 Nxe4 19. Qe1 Nxb5 20. axb5 Qg5 21. Rf3 h5 22. Kh2 h4 23. Rf4 Qg3+ 24. Qxg3 hxg3+ 25. Kg1 g5 26. Rxe4 dxe4 27. Ba3 Re8 28. Bc4 a5 29. Rf1 Ra7 30. Bd6 a4 31. bxa4 Rxa4 32. Bxf7+ Kg7 33. Bxe8 Be6 34. Bxg3 Bc4 35. Be5+ Kg8 36. Bc6 Bxf1 37. Kxf1 Ra1+ 38. Kf2 Ra2+ 39. Kg3 Re2 40. Bxe4 Rxe3+ 41. Bf3 Rb3 42. Kg4 Rxb5 43. Kxg5 Ra5 44. h4 b5 45. h5 b4 46. h6 b3 47. Be4 b2 48. h7+ Kf7 49. h8Q Rb5 50. Qh7+ Ke6 51. Qg6+ Ke7 1-0

[Event "Greifswald op"]
[Site "Greifswald"]
[Date "2003.08.29"]
[Round "3"]
[White "Krawelitzki, Gerhard"]
[Black "Mueller, Peter"]
[Result "0-1"]
[WhiteElo "1551"]
[BlackElo "1935"]
[PlyCount "114"]
[EventDate "2003.08.??"]
[EventType "swiss"]
[EventRounds "7"]
[EventCountry "GER"]
[SourceTitle "EXT 2005"]
[Source "ChessBase"]
[SourceDate "2004.11.15"]
[SourceVersion "1"]
[SourceVersionDate "2004.11.15"]
[SourceQuality "1"]

1. d4 Nf6 2. c4 c5 3. Nc3 cxd4 4. Qxd4 Nc6 5. Qd1 g6 6. Nf3 Bg7 7. e3 0-0 8. Be2 d6 9. 0-0 Bd7 10. a3 Rc8 11. Bd2 Ng4 12. Rc1 f5 13. h3 Nf6 14. Qb3 Na5 15. Qa2 Kh8 16. b4 Nc6 17. Rfd1 Be6 18. Be1 h6 19. Nd4 Bf7 20. Nxc6 Rxc6 21. Nb5 a6 22. Nd4 Rc7 23. a4 Qc8 24. Qc2 Nd7 25. b5 Qa8 26. a5 d5 27. b6 Rcc8 28. Bb4 Nc5 29. f3 Qb8 30. Bxc5 Rxc5 31. Qa2 Qe5 32. Qa3 dxc4 33. f4 Rxa5 34. fxe5 Rxa3 35. e6 Bxd4 36. exd4 Bxe6 37. Bf3 Rxf3 38. gxf3 Bd5 39. Kf2 Rf6 40. Re1 e6 41. h4 g5 42. hxg5 hxg5 43. Rh1+ Kg7 44. Rh2 Rh6 45. Rxh6 Kxh6 46. Rc3 Kh5 47. Kg3 f4+ 48. Kf2 g4 49. fxg4+ Kxg4 50. Ra3 Kf5 51. Ra1 Ke4 52. Rd1 c3 53. Ke2 Bc4+ 54. Kf2 Bd3 55. Re1+ Kxd4 56. Rxe6 c2 57. Re1 Kc3 0-1

[Event "Brandenburg Seniors op 12th"]
[Site "Rowy"]
[Date "2003.06.17"]
[Round "1"]
[White "Schimmelpfennig, Hans"]
[Black "Krawelitzki, Gerhard"]
[Result "1-0"]
[WhiteElo "1824"]
[BlackElo "1519"]
[PlyCount "103"]
[EventDate "2003.06.??"]
[EventType "swiss"]
[EventRounds "9"]
[EventCountry "POL"]
[SourceTitle "EXT 2006"]
[Source "ChessBase"]
[SourceDate "2005.11.24"]
[SourceVersion "1"]
[SourceVersionDate "2005.11.24"]
[SourceQuality "1"]

1. d4 Nf6 2. c4 g6 3. Nc3 e6 4. e4 d6 5. Bg5 Bg7 6. Bd3 Nbd7 7. f4 c6 8. e5 dxe5 9. fxe5 0-0 10. exf6 Bxf6 11. Bxf6 Nxf6 12. Nf3 a6 13. h3 Nh5 14. 0-0 f6 15. Ne2 Qc7 16. Qe1 Bd7 17. c5 Rae8 18. b4 e5 19. dxe5 fxe5 20. Qh4 Be6 21. Ng5 Bd5 22. Rxf8+ Rxf8 23. Be4 Qe7 24. Bxd5+ cxd5 25. Rf1 Rxf1+ 26. Kxf1 d4 27. Nf3 Qxh4 28. Nxh4 d3 29. Nc3 Nf6 30. g4 Kf7 31. Nf3 e4 32. Ng5+ Ke7 33. Ngxe4 Nd7 34. Kf2 Ke6 35. Ke3 Ne5 36. Ng5+ Kf6 37. Nxh7+ Kg7 38. Ng5 Nc6 39. a3 Ne5 40. Ne6+ Kf6 41. Nd8 Kg5 42. Nxb7 Kh4 43. Kf4 Nf3 44. Ke3 Ne5 45. Kf4 Nc6 46. Na5 g5+ 47. Ke4 Na7 48. Kxd3 Kxh3 49. a4 Kxg4 50. b5 axb5 51. axb5 Kf3 52. b6 1-0

[Event "Mecklenburg VP-ch Seniors op"]
[Site "Waren"]
[Date "2002.??.??"]
[Round "1"]
[White "Krawelitzki, Gerhard"]
[Black "Raitza, Egon"]
[Result "1/2-1/2"]
[WhiteElo "1452"]
[BlackElo "1771"]
[PlyCount "125"]
[EventDate "2002.??.??"]
[EventType "swiss"]
[EventRounds "7"]
[EventCountry "GER"]
[SourceTitle "EXT 2022"]
[Source "ChessBase"]
[SourceDate "2021.10.06"]
[SourceVersion "1"]
[SourceVersionDate "2021.10.06"]
[SourceQuality "1"]

1. d4 d5 2. c4 e6 3. Nc3 Nf6 4. Nf3 c6 5. a4 Nbd7 6. Qc2 Qa5 7. Bd2 Bb4 8. e3 0-0 9. Bd3 dxc4 10. Bxc4 b6 11. 0-0 Bb7 12. Na2 Bxd2 13. Nxd2 Rac8 14. b4 Qh5 15. f3 Nd5 16. Qd3 N7f6 17. Ne4 Nxe4 18. fxe4 Nf6 19. e5 Nd7 20. Nc3 Rcd8 21. Ne4 Nxe5 22. Qb3 Nxc4 23. Qxc4 Qd5 24. Qxd5 exd5 25. Ng3 Rfe8 26. Rfe1 Rd6 27. Ra3 Rde6 28. Rc3 g6 29. b5 c5 30. Nf1 c4 31. Nd2 f5 32. g3 a6 33. Nf3 axb5 34. axb5 Ra8 35. Ne5 g5 36. h3 Ra2 37. Rb1 Rh6 38. h4 gxh4 39. Rf1 hxg3 40. Rxf5 Rhh2 41. Rg5+ Kf8 42. Rxg3 Bc8 43. e4 Be6 44. exd5 Bxd5 45. Nd7+ Kf7 46. Ne5+ Ke6 47. Nf3 Bxf3 48. Rcxf3 Rhd2 49. Rh3 Ra1+ 50. Rf1 Rdd1 51. Rxd1 Rxd1+ 52. Kf2 Rd2+ 53. Ke1 Rxd4 54. Rh6+ Kd5 55. Rxb6 Kc5 56. Rb8 Rd6 57. b6 Rxb6 58. Rh8 Rb7 59. Kd2 Kb4 60. Kc2 c3 61. Rc8 Rg7 62. Rb8+ Kc4 63. Rc8+ 1/2-1/2

[Event "Mecklenburg VP-ch Seniors op"]
[Site "Waren"]
[Date "2002.??.??"]
[Round "3"]
[White "Moschell, Hans Helmut"]
[Black "Krawelitzki, Gerhard"]
[Result "1-0"]
[WhiteElo "1889"]
[BlackElo "1452"]
[PlyCount "75"]
[EventDate "2002.??.??"]
[EventType "swiss"]
[EventRounds "7"]
[EventCountry "GER"]
[SourceTitle "EXT 2022"]
[Source "ChessBase"]
[SourceDate "2021.10.06"]
[SourceVersion "1"]
[SourceVersionDate "2021.10.06"]
[SourceQuality "1"]

1. c4 c5 2. Nc3 Nc6 3. g3 e5 4. Bg2 Nf6 5. d3 Be7 6. Nf3 d6 7. 0-0 0-0 8. b3 a6 9. Bb2 Be6 10. e4 Rb8 11. Nd5 Bxd5 12. exd5 Na7 13. Nd2 b5 14. f4 Nd7 15. Qe2 f6 16. Rae1 Nc8 17. Bh3 Ndb6 18. Be6+ Kh8 19. Nf3 exf4 20. Nh4 bxc4 21. dxc4 Nd7 22. gxf4 Qe8 23. Qg4 Ne5 24. fxe5 dxe5 25. Re3 g5 26. Nf5 h5 27. Qe2 Qg6 28. Bxc8 Bd8 29. Be6 g4 30. Bc3 a5 31. Be1 Rb7 32. Bh4 a4 33. Nd6 Rc7 34. Bf5 Qg7 35. bxa4 Ra7 36. Bc2 Qd7 37. Ne4 f5 38. Nxc5 1-0